000 01179nam a2200361 a 4500
001 000108411
003 CHAP
005 20220329144011.0
008 140207s2012 it dj |r| ||||||eng d
010 _a104873
011 _a105845
020 _a9789251073049
040 _cCHAP
082 0 4 _a628.1
_bF34 v.38
245 1 0 _aCoping with water scarcity :
_ban action framework for agriculture and food security /
_cpor FAO.
260 _aRoma :
_bFAO,
_c2012.
300 _axvi, 78 p. :
_bgráfs., diags., tabs.
490 _aInforme sobre temas hídricos
_v; 38
590 _aBATCH-UPD
_b05
_c20140207
_lUCH01
_h1421
590 _aE11695DGD
_b10
_c20140210
_lUCH01
_h0845
590 _aE11695DGD
_b10
_c20140210
_lUCH01
_h0845
590 _aE5995AHE
_b05
_c20140207
_lUCH01
_h1414
590 _aE5995AHE
_b05
_c20140207
_lUCH01
_h1420
590 _aE5995AHE
_b05
_c20140224
_lUCH01
_h1425
650 1 4 _aAgua
_xAbastecimiento.
_92223
650 1 4 _aDisponibilidad del agua.
_9125389
650 1 4 _aOrdenación de aguas.
_983422
650 1 4 _aSeguridad alimentaria.
_9103673
830 0 _aInforme sobre temas hídricos
_v; 38
_9125590
901 _aBK
942 _cLIBRO
942 _n0
999 _c104873
_d104873